|
|
|
|
| LEADER |
00000nab a2200000 a 4500 |
| 001 |
vtls000358394 |
| 003 |
SK-MaSNL |
| 005 |
20260302223646.0 |
| 008 |
111202c1987 xo 0 slo |
| 015 |
|
|
|a SNBRA19rr/mm-uuuuu
|
| 035 |
|
|
|a CL0358516
|
| 040 |
|
|
|a SNKBUCL
|b slo
|c SNKBUCL
|e AACR2
|
| 041 |
0 |
|
|a slo
|
| 044 |
|
|
|a xo
|c SK
|
| 080 |
|
|
|a 662.6/.9:330.123.7:697.97+621.317
|2 1981
|
| 080 |
|
|
|a 330.123.7
|2 1981
|
| 080 |
|
|
|a 697.97
|2 1981
|
| 080 |
|
|
|a 621.317
|2 1981
|
| 100 |
1 |
|
|a Scheber, Pavel
|4 aut
|9 788912
|
| 245 |
1 |
0 |
|a Meranie a regulácia v zdrojoch tepla a v odovzdávacích staniciach
|c Pavel Scheber
|
| 300 |
|
|
|b Sch. 24.
|
| 650 |
0 |
7 |
|a teplo
|2 snkbucl
|9 14005
|
| 650 |
0 |
7 |
|a zdroje tepla
|2 snkbucl
|9 396614
|
| 650 |
0 |
7 |
|a stanice vody odovzdávacie
|2 snkbucl
|9 953655
|
| 655 |
|
7 |
|a články zo zborníkov
|2 snkbucl
|9 166140
|
| 773 |
0 |
|
|t Metodicko konzultačný deň Kabinetu racionalizácie spotreby palív a energie
|d Žilina : Dom techniky ČSVTS, 1987
|g S. 12-38
|
| 850 |
|
|
|a Slovenská národná knižnica v Martine
|a MTA001
|
| 852 |
|
|
|a SNK
|b KIS3GCP
|
| 958 |
|
|
|a RK
|
| 992 |
|
|
|a RZB
|
| 999 |
|
|
|c 1521287
|d 1523217
|